| Science - Physics | 0 | 6 | 1 | 2 | 55 | 40 | 78.50 | 2 | 4 |
| History - American | 0 | 5 | 0 | 0 | 50 | 37 | 68.00 | 2 | 5 |
| History - Other | 0 | 5 | 1 | 3 | 45 | 47 | 99.40 | 0 | 2 |
| Science - Chemistry | 0 | 5 | 2 | 2 | 40 | 56 | 90.80 | 2 | 4 |
| History - World | 0 | 5 | 2 | 2 | 40 | 71 | 88.20 | 0 | 5 |
| Art - Other | 0 | 3 | 0 | 0 | 30 | 96 | 111.33 | 1 | 3 |
| Science - Biology | 0 | 3 | 0 | 0 | 30 | 48 | 71.33 | 0 | 3 |
| Art - Painting/Sculpture | 0 | 3 | 0 | 1 | 30 | 103 | 122.00 | 0 | 3 |
| Art - Visual | 0 | 2 | 0 | 0 | 20 | 92 | 122.00 | 0 | 1 |
| Literature - American any | 0 | 2 | 0 | 0 | 20 | 65 | 74.00 | 0 | 1 |
| Literature - European short fiction | 0 | 1 | 0 | 0 | 10 | 74 | 74.00 | 1 | 1 |
| Mythology - Greco/Roman | 0 | 1 | 0 | 0 | 10 | 87 | 87.00 | 0 | 1 |
| Philosophy - Mixed/Any | 0 | 1 | 0 | 0 | 10 | 95 | 95.00 | 0 | 1 |
| Religion - Christianity/Judaism | 0 | 1 | 0 | 0 | 10 | 82 | 82.00 | 1 | 1 |
| Social Science - Psychology | 0 | 1 | 0 | 0 | 10 | 73 | 73.00 | 0 | 1 |
| Geography - Non-U.S. Americas | 0 | 1 | 0 | 0 | 10 | 105 | 105.00 | 0 | 1 |
| Literature - American drama | 0 | 1 | 0 | 0 | 10 | 58 | 58.00 | 1 | 1 |
| Literature - American long fiction | 0 | 1 | 0 | 0 | 10 | 99 | 99.00 | 0 | 0 |
| Literature - American poetry | 0 | 1 | 0 | 0 | 10 | 83 | 83.00 | 0 | 1 |
| Literature - American short fiction | 0 | 1 | 0 | 0 | 10 | 47 | 47.00 | 0 | 1 |
| Literature - British drama | 0 | 1 | 0 | 0 | 10 | 60 | 60.00 | 0 | 0 |
| Literature - British long fiction | 0 | 1 | 0 | 0 | 10 | 89 | 89.00 | 0 | 1 |
| Literature - European long fiction | 0 | 1 | 0 | 0 | 10 | 100 | 100.00 | 0 | 1 |
| Literature - European poetry | 0 | 1 | 0 | 0 | 10 | 98 | 98.00 | 0 | 1 |
| Science - Astronomy | 0 | 1 | 0 | 1 | 10 | 124 | 124.00 | 0 | 0 |
| Science - Compsci | 0 | 1 | 0 | 1 | 10 | 130 | 130.00 | 0 | 0 |
| Science - Other | 0 | 1 | 0 | 0 | 10 | 49 | 49.00 | 1 | 1 |
| Art - Music/Opera | 0 | 2 | 2 | 1 | 10 | 55 | 94.00 | 1 | 2 |
| Literature - World/Misc drama | 0 | 1 | 1 | 0 | 5 | 50 | 50.00 | 0 | 0 |
| Religion - Mixed/Any | 0 | 0 | 1 | 0 | -5 | | 0.00 | 0 | 0 |
| Geography - Europe | 0 | 0 | 1 | 0 | -5 | | 0.00 | 0 | 0 |
| History - European | 0 | 0 | 1 | 0 | -5 | | 0.00 | 0 | 0 |